Chemistry of Natural Products/ (Record no. 204061)
[ view plain ]
| 000 -LEADER | |
|---|---|
| fixed length control field | 00809nam a22002657a 4500 |
| 005 - DATE AND TIME OF LATEST TRANSACTION | |
| control field | 20240709124409.0 |
| 008 - FIXED-LENGTH DATA ELEMENTS--GENERAL INFORMATION | |
| fixed length control field | 080903t xxu||||| |||| 00| 0 eng d |
| 010 ## - LCCN (DPL NO) | |
| LC control number | ENG-140842 |
| 020 ## - INTERNATIONAL STANDARD BOOK NUMBER | |
| International Standard Book Number | 9789390949397 |
| Terms of availability | 395.00 |
| 035 ## - SYSTEM CONTROL NUMBER | |
| System control number | EN-124374 |
| 037 ## - SOURCE OF ACQUISITION | |
| Stock number | DBAD |
| 040 ## - CATALOGING SOURCE | |
| Original cataloging agency | dpl |
| 082 ## - DEWEY DECIMAL CLASSIFICATION NUMBER | |
| Classification number | 540 |
| Edition number | 3 |
| 100 ## - MAIN ENTRY--PERSONAL NAME | |
| Personal name | Jain, Rashmi |
| 9 (RLIN) | 68304 |
| 245 ## - TITLE STATEMENT | |
| Title | Chemistry of Natural Products/ |
| Statement of responsibility, etc | By Rashmi Jain...[et.al] |
| 250 ## - EDITION STATEMENT | |
| Edition statement | 3 |
| 260 ## - PUBLICATION, DISTRIBUTION, ETC. (IMPRINT) | |
| Place of publication, distribution, etc | Meerut |
| Name of publisher, distributor, etc | Pragati Prakashan |
| Date of publication, distribution, etc | 2021 |
| 270 ## - ADDRESS | |
| Address | 240, Western Kutchery Road, |
| City | Meerut |
| Postal code | 250002 |
| 300 ## - PHYSICAL DESCRIPTION | |
| Extent | 406p. |
| Dimensions | 24cm(pb) |
| Other physical details | ill |
| 500 ## - GENERAL NOTE | |
| General note | Includes glossary and index |
| 700 ## - ADDED ENTRY--PERSONAL NAME | |
| Personal name | Sahai, Alok |
| Relator term | Author |
| 9 (RLIN) | 68305 |
| 700 ## - ADDED ENTRY--PERSONAL NAME | |
| Personal name | Pimplapure, Sandhya |
| Relator term | Author |
| 9 (RLIN) | 68306 |
| 700 ## - ADDED ENTRY--PERSONAL NAME | |
| Personal name | Soni, Usha |
| Relator term | Author |
| 9 (RLIN) | 68307 |
| 942 ## - ADDED ENTRY ELEMENTS (KOHA) | |
| Source of classification or shelving scheme | Dewey Decimal Classification |
| Item type | English Books |
| Classification part | 540 |
| Call number suffix | JAI |
| Edition | 3 |
| Withdrawn status | Lost status | Source of classification or shelving scheme | Damaged status | Not for loan | Collection code | Home library | Current library | Date acquired | Source of acquisition | Cost, normal purchase price | Total Checkouts | Full call number | Barcode | Date last seen | Copy number | Cost, replacement price | Koha item type |
|---|---|---|---|---|---|---|---|---|---|---|---|---|---|---|---|---|---|
| Dewey Decimal Classification | Non-fiction | New Police Line | New Police Line | 09/07/2024 | DBAD | 395.00 | 540 JAI | EN-124374 | 09/07/2024 | 1 | 395.00 | English Books |
